| 000 | 00572cam a22002171 4500 | ||
|---|---|---|---|
| 001 | sa 65009613 | ||
| 003 | DLC | ||
| 005 | 20260227112203.0 | ||
| 008 | 890615s1964 ii a 000 0 kano | ||
| 010 | _asa 65009613 | ||
| 035 | _a(OCoLC)19878399 | ||
| 040 |
_aDLC _cWaU _dDLC |
||
| 042 | _apremarc | ||
| 050 | 0 | 0 |
_aML410.S8 _bN3 |
| 100 | 1 | _aNāḍakarṇi, G. D. | |
| 245 | 1 | 0 | _aKannaḍakke Śrī Purandaradāsaru nīḍida koḍuge. |
| 260 | _c1964 | ||
| 300 |
_aiii, ii, 52 p. _billus. _c16 cm. |
||
| 500 | _aIn Kannada. | ||
| 600 | 0 | 0 |
_aPurandaradāsa, _d1484-1564. |
| 999 |
_c66304 _d66304 |
||